Situación actual de las zonas francas

Salvato in:
Dettagli Bibliografici
Natura: testo
Soggetti:
Tags: Aggiungi Tag
Nessun Tag, puoi essere il primo ad aggiungerne!!

MARC

LEADER 00000 a a2200000 04500
001 5896
003
040
245 |a Situación actual de las zonas francas  
650 |a PUERTOS LIBRES  
650 |a EXPORTACIONES  
650 |a ESTADO  
650 |a EMPLEO  
650 |a COMERCIO EXTERIOR  
650 |a INCENTIVOS TRIBUTARIOS  
773 |g volumen 15, número 638; páginas 7-8  
999 |c 26664  |d 26664